Informácia o hlavných cieľoch pripravovaného zákona o poisťovníctve
Vývoj poistného trhu ako celku si vyžiadal vykonať čiastkové úpravy zákona č. 95/2002 Z.z. o poisťovníctve, ktorý je základným právnym predpisom pre vykonávanie poisťovacej a zaisťovacej činnosti na území Slovenska v súčasnosti. Hlavný cieľ - plná harmonizácia so smernicou Európskeho parlamentu a Ra...
Enregistré dans:
| Format: | Chapitre de livre |
|---|---|
| Langue: | slovaque |
| Sujets: | |
| Tags: |
Pas de tags, Soyez le premier à ajouter un tag!
|
MARC
| LEADER | 00000naa$a2200000$$$4500 | ||
|---|---|---|---|
| 001 | 0059924 | ||
| 005 | 20231106073310.0 | ||
| 041 | 0 | |a slo | |
| 044 | |a SK | ||
| 245 | 1 | 0 | |a Informácia o hlavných cieľoch pripravovaného zákona o poisťovníctve |
| 520 | |a Vývoj poistného trhu ako celku si vyžiadal vykonať čiastkové úpravy zákona č. 95/2002 Z.z. o poisťovníctve, ktorý je základným právnym predpisom pre vykonávanie poisťovacej a zaisťovacej činnosti na území Slovenska v súčasnosti. Hlavný cieľ - plná harmonizácia so smernicou Európskeho parlamentu a Rady 2005/68/ES o zaistení. Ďalšie smernice transponované v návrhu zákona. Konkrétne ciele predloženého nového zákona. | ||
| 610 | 2 | 0 | |a poisťovníctvo |
| 610 | 2 | 0 | |a zákony |
| 610 | 2 | 0 | |a novelizácia |
| 610 | 2 | 0 | |a Slovensko |
| 610 | 2 | 0 | |a aproximácia práva |
| 610 | 2 | 0 | |a 2007 |